Online shoppingcart / (Record no. 217123)

MARC details
000 -LEADER
fixed length control field 00451nam a2200169Ia 4500
003 - CONTROL NUMBER IDENTIFIER
control field OSt
005 - DATE AND TIME OF LATEST TRANSACTION
control field 20260306155421.0
008 - FIXED-LENGTH DATA ELEMENTS--GENERAL INFORMATION
fixed length control field 211028s2009 xx 000 0 und d
040 ## - CATALOGING SOURCE
Transcribing agency AIMIT LIBRARY
041 ## - LANGUAGE CODE
Language code of text/sound track or separate title eng
100 ## - MAIN ENTRY--PERSONAL NAME
Personal name Ziyaurrahmin ;Rao, Rohini R.
Miscellaneous information 60471342
9 (RLIN) 3114
110 ## - MAIN ENTRY--CORPORATE NAME
Corporate name or jurisdiction name as entry element Bharathi Pilar
9 (RLIN) 3115
245 ## - TITLE STATEMENT
Title Online shoppingcart /
260 ## - PUBLICATION, DISTRIBUTION, ETC.
Place of publication, distribution, etc. Mangalore
Date of publication, distribution, etc. 2009
710 ## - ADDED ENTRY--CORPORATE NAME
Corporate name or jurisdiction name as entry element Delft University of technology
9 (RLIN) 3116
942 ## - ADDED ENTRY ELEMENTS (KOHA)
Source of classification or shelving scheme Dewey Decimal Classification
Koha item type Project Report
Holdings
Withdrawn status Lost status Source of classification or shelving scheme Damaged status Not for loan Collection code Home library Current library Date acquired Source of acquisition Total Checkouts Barcode Date last seen Copy number Price effective from Koha item type
    Dewey Decimal Classification   Not for loan Project Report MCA St Aloysius Institute of Management & Information Technology St Aloysius Institute of Management & Information Technology 10/28/2021 MCA   PRC00342 10/28/2021 060471471 10/28/2021 Project Report